| 000 | 00589nam a2200205Ii 4500 | ||
|---|---|---|---|
| 003 | JO-AjNU | ||
| 008 | 230606s9999||||xx |||||||||||||| ||und|| | ||
| 020 | _a978-81-8128-143-2 | ||
| 040 |
_aJO-AjNU _beng _erda _cJO-AjNU |
||
| 041 | _aeng | ||
| 050 | 1 | 4 | _aQA641.P68.2001 |
| 100 | 3 |
_aprss;ey,andrew, _eauthor _93793 |
|
| 245 | 0 | 0 | _aElementary differential geometry |
| 264 | 3 | 1 | _aSpringer:Berline,2001 |
| 300 | _a332p | ||
| 336 |
_atext _btxt _2rdacontent |
||
| 337 |
_aunmediated _bn _2rdamedia |
||
| 338 |
_avolume _bnc _2rdacarrier |
||
| 650 | 4 |
_aelementary differential geometry _93794 |
|
| 999 |
_aE1979 _c1979 _d1979 |
||